American diplomacy / (Record no. 14329)
[ view plain ]
| 000 -LEADER | |
|---|---|
| fixed length control field | 02101cam a2200313 a 4500 |
| 001 - CONTROL NUMBER | |
| control field | 17067342 |
| 005 - DATE AND TIME OF LATEST TRANSACTION | |
| control field | 20170105102852.0 |
| 008 - FIXED-LENGTH DATA ELEMENTS--GENERAL INFORMATION | |
| fixed length control field | 111202s2012 maua b 001 0 eng |
| 010 ## - LIBRARY OF CONGRESS CONTROL NUMBER | |
| LC control number | 2011048457 |
| 020 ## - INTERNATIONAL STANDARD BOOK NUMBER | |
| International Standard Book Number | 9789004214156 (pbk. : alk. paper) |
| 040 ## - CATALOGING SOURCE | |
| Original cataloging agency | DLC |
| Transcribing agency | DLC |
| 042 ## - AUTHENTICATION CODE | |
| Authentication code | pcc |
| 043 ## - GEOGRAPHIC AREA CODE | |
| Geographic area code | n-us--- |
| 050 00 - LIBRARY OF CONGRESS CALL NUMBER | |
| Classification number | JZ1480 |
| Item number | .A9585 2012 |
| 082 00 - DEWEY DECIMAL CLASSIFICATION NUMBER | |
| Classification number | 327.73 |
| Edition number | 23 |
| 245 00 - TITLE STATEMENT | |
| Title | American diplomacy / |
| Statement of responsibility, etc. | edited by Paul Sharp and Geoffrey Wiseman. |
| 260 ## - PUBLICATION, DISTRIBUTION, ETC. | |
| Place of publication, distribution, etc. | Boston : |
| Name of publisher, distributor, etc. | Martinus Nijhoff Publishers, |
| Date of publication, distribution, etc. | 2012. |
| 300 ## - PHYSICAL DESCRIPTION | |
| Extent | xx, 233 p. : |
| Other physical details | ill. ; |
| Dimensions | 25 cm. |
| 504 ## - BIBLIOGRAPHY, ETC. NOTE | |
| Bibliography, etc. note | Includes bibliographical references and index. |
| 505 0# - FORMATTED CONTENTS NOTE | |
| Formatted contents note | Introduction -- Distinctive characteristics of American diplomacy / Geoffrey Wiseman -- The distinction between foreign policy and diplomacy in American international thought and practice / David Clinton -- US diplomacy and diplomats: a Chinese view / Chen Zhimin -- European responses to US diplomacy / Michael Smith -- Transformational diplomacy: US tactics for change in the Islamic Republic of Iran, 2004-2006 / Karin A. Esposito and S. Alaeddin Vahid Gharavi -- Course corrections: the Obama administration at the United Nations / David Bosco -- American public diplomacy: enduring characteristics, elusive transformation / Bruce Gregory -- Quantum diplomacy, German-US relations and the psychogeography of Berlin / James Der Derian -- Obama, Clinton and the diplomacy of change / Paul Sharp -- The incapacitation of US statecraft and diplomacy / Chas W. Freeman Jr -- The traditions and travails of career diplomacy in the United States / Thomas Hanson -- Digital diplomacy and US foreign policy / Alec Ross -- Conclusion. |
| 650 #0 - SUBJECT ADDED ENTRY--TOPICAL TERM | |
| Topical term or geographic name entry element | United States |
| General subdivision | Foreign relations. |
| 650 #0 - SUBJECT ADDED ENTRY--TOPICAL TERM | |
| Topical term or geographic name entry element | Diplomatic and consular service, American. |
| 651 #0 - SUBJECT ADDED ENTRY--GEOGRAPHIC NAME | |
| Geographic name | United States |
| General subdivision | Foreign relations administration. |
| 700 1# - ADDED ENTRY--PERSONAL NAME | |
| Personal name | Sharp, Paul, |
| Dates associated with a name | 1953- |
| 700 1# - ADDED ENTRY--PERSONAL NAME | |
| Personal name | Wiseman, Geoffrey. |
| 906 ## - LOCAL DATA ELEMENT F, LDF (RLIN) | |
| a | 7 |
| b | cbc |
| c | orignew |
| d | 1 |
| e | ecip |
| f | 20 |
| g | y-gencatlg |
| 942 ## - ADDED ENTRY ELEMENTS (KOHA) | |
| Source of classification or shelving scheme | |
| Koha item type | Book |
| Withdrawn status | Lost status | Damaged status | Not for loan | Collection code | Permanent Location | Current Location | Shelving location | Date acquired | Total Checkouts | Full call number | Barcode | Date last seen | Price effective from | Koha item type |
|---|---|---|---|---|---|---|---|---|---|---|---|---|---|---|
| Centre for International Peace & Stability (CIPS) | Centre for International Peace & Stability (CIPS) | General Stacks | 08/21/2013 | 327.73 AME 2012 | CIPS0000382 | 08/21/2013 | 08/21/2013 | Book |
